|
|
|
|
| LEADER |
00000nam a2200000Ia 4500 |
| 008 |
170327b2009 cr ||||| |||| 00| | spa d |
| 999 |
|
|
|c 676
|d 676
|
| 020 |
|
|
|a 9789968818919
|
| 090 |
|
|
|a 06.03.06
|b 423
|
| 100 |
1 |
|
|9 121
|a Peralta Monge, Teresita
|
| 245 |
1 |
0 |
|a Elementos teórico-prácticos para la formación de docentes de educación primaria o básica en Geometría y su didáctica /
|c Teresita Peralta Monge, Mario Murillo Chaves.
|
| 250 |
|
|
|a 1 edición
|
| 260 |
|
|
|a Costa Rica :
|b Coordinación Educativa y Cultura Centroamericana CCEC/ SICA,
|c 2009
|
| 300 |
|
|
|a 156 páginas
|
| 490 |
|
|
|a Colección Pedagógica Formación Inicial de Docentes Centroamericanos de Educación Primaria o Básica;
|v 41
|
| 650 |
1 |
4 |
|a GEOMETRÍA
|9 2609
|
| 650 |
1 |
4 |
|a ENSEÑANZA
|9 14
|
| 650 |
1 |
4 |
|a EDUCACIÓN PRIMARIA
|9 367
|
| 700 |
1 |
|
|9 1573
|a Murillo Chaves, Mario
|
| 942 |
|
|
|i 002926
|h 06.03.06 423
|2 z
|c 01
|